00462nam a22001577a 45000050016000000100013000160200026000290350013000550370010000680820014000782450084000922600039001762700042002153000030002577000017002872011090203483.0 aG-001335 a9788190524926c995.00 aG-001335 bGift  a333.70954 aNatural resources and sustainability of Indian society /cedited by R.B. Patil  aJaipur bShruti Publicationsc2009 bJaipur a50-Ka-6, Jyoti Nagare302005 axxviii, 356p. c24cm(Hb)  aPatil, R.B.